Schaum's outline of theory & problems of statistics (Record no. 7840)

000 -LEADER
fixed length control field 00549nam a2200205 4500
001 - CONTROL NUMBER
control field 7840
003 - CONTROL NUMBER IDENTIFIER
control field BD-DhUET
008 - FIXED-LENGTH DATA ELEMENTS--GENERAL INFORMATION
fixed length control field 141213b/xxu||||| |||| 00| 0 eng d
020 ## - INTERNATIONAL STANDARD BOOK NUMBER
International Standard Book Number 070602271
040 ## - CATALOGING SOURCE
Original cataloging agency DLC
Language of cataloging DLC
Transcribing agency BD-DhUET
082 ## - DEWEY DECIMAL CLASSIFICATION NUMBER
Classification number 519.9
Item number SPI/1961
100 ## - MAIN ENTRY--PERSONAL NAME
Personal name Spiegel , Murray R
245 ## - TITLE STATEMENT
Title Schaum's outline of theory & problems of statistics
250 ## - EDITION STATEMENT
Edition statement 1st ed.
260 ## - PUBLICATION, DISTRIBUTION, ETC. (IMPRINT)
Place of publication, distribution, etc. Singapore
Name of publisher, distributor, etc. McGraw Hill
Date of publication, distribution, etc. 1961
300 ## - PHYSICAL DESCRIPTION
Extent 359 p.
Other physical details ill.
Dimensions 27 cm.
490 ## - SERIES STATEMENT
Series statement Schaum's Outline Series
650 #0 - SUBJECT ADDED ENTRY--TOPICAL TERM
Topical term or geographic name as entry element Statistical mathematics
942 ## - ADDED ENTRY ELEMENTS (KOHA)
Koha item type General Book
Holdings
Price effective from Location (home branch) Koha item type Date acquired Koha date last seen Piece designation (barcode) Koha issues (times borrowed) Koha normalized classification for sorting Damaged status Withdrawn status Koha full call number Source of classification or shelving scheme Lost status Copy number Koha date last borrowed Sublocation or collection (holding branch) Not for loan Shelving location
2014-12-13Central Library, BUETGeneral Book2014-12-132015-08-2225219 519_900000000000000_SPI_1961  519.9/SPI/1961  1 Central Library, BUET Circulation section
2014-12-13Central Library, BUETGeneral Book2014-12-132017-02-0666184 519_900000000000000_SPI_1961  519.9/SPI/1961  2 Central Library, BUET Circulation section
2014-12-13Central Library, BUETGeneral Book2014-12-132014-12-13345 519_900000000000000_SPI_1961  519.9/SPI/1961  3 Central Library, BUET Circulation section
2014-12-13Central Library, BUETGeneral Book2014-12-132015-08-01564831519_900000000000000_SPI_1961  519.9/SPI/1961  52015-08-01Central Library, BUET Circulation section
2014-12-13Central Library, BUETGeneral Book2014-12-132014-12-1331847 519_900000000000000_SPI_1961  519.9/SPI/1961  6 Central Library, BUET Circulation section
2014-12-13Central Library, BUETGeneral Book2014-12-132014-12-1331828 519_900000000000000_SPI_1961  519.9/SPI/1961  7 Central Library, BUET Circulation section
2014-12-13Central Library, BUETGeneral Book2014-12-132014-12-1331843 519_900000000000000_SPI_1961  519.9/SPI/1961  8 Central Library, BUET Circulation section